<?xml version="1.0" encoding="UTF-8"?>
<record
    xmlns:xsi="http://www.w3.org/2001/XMLSchema-instance"
    xsi:schemaLocation="http://www.loc.gov/MARC21/slim http://www.loc.gov/standards/marcxml/schema/MARC21slim.xsd"
    xmlns="http://www.loc.gov/MARC21/slim">

  <leader>00640nam a22001577a 4500</leader>
  <datafield tag="999" ind1=" " ind2=" ">
    <subfield code="c">8082</subfield>
    <subfield code="d">8082</subfield>
  </datafield>
  <controlfield tag="003">GBCCL</controlfield>
  <controlfield tag="005">20241126110643.0</controlfield>
  <controlfield tag="008">190218b           ||||| |||| 00| 0 eng d</controlfield>
  <datafield tag="040" ind1=" " ind2=" ">
    <subfield code="c">GBC</subfield>
  </datafield>
  <datafield tag="082" ind1=" " ind2=" ">
    <subfield code="a">ARC GUI</subfield>
    <subfield code="b">1991</subfield>
  </datafield>
  <datafield tag="100" ind1=" " ind2=" ">
    <subfield code="a">Guite, Grace Ngaihvung</subfield>
    <subfield code="9">14090</subfield>
  </datafield>
  <datafield tag="245" ind1=" " ind2=" ">
    <subfield code="a">The Role of Women in the Church With Special Reference to Manipur, India |</subfield>
    <subfield code="c">Grace Ngaihvung Guite</subfield>
  </datafield>
  <datafield tag="300" ind1=" " ind2=" ">
    <subfield code="a">vi + 12p p.;</subfield>
    <subfield code="c">14.5 cm x 2-.5 cm.</subfield>
  </datafield>
  <datafield tag="650" ind1=" " ind2=" ">
    <subfield code="2">Women</subfield>
    <subfield code="a">Women Ministry</subfield>
    <subfield code="v">Women in the Old Testament</subfield>
    <subfield code="v">Women in the New Testament</subfield>
    <subfield code="v">Social-cultural</subfield>
    <subfield code="v">Impact of Christianity</subfield>
    <subfield code="v">Impact of Missions</subfield>
    <subfield code="v">Korean Women in Ministry</subfield>
    <subfield code="z">Manipur, India</subfield>
    <subfield code="9">14091</subfield>
  </datafield>
  <datafield tag="942" ind1=" " ind2=" ">
    <subfield code="2">ddc</subfield>
    <subfield code="c">TH</subfield>
  </datafield>
  <datafield tag="952" ind1=" " ind2=" ">
    <subfield code="0">0</subfield>
    <subfield code="1">0</subfield>
    <subfield code="2">ddc</subfield>
    <subfield code="4">0</subfield>
    <subfield code="7">0</subfield>
    <subfield code="a">GBC</subfield>
    <subfield code="b">GBC</subfield>
    <subfield code="c">ARC</subfield>
    <subfield code="d">2019-02-18</subfield>
    <subfield code="l">0</subfield>
    <subfield code="o">ARC GUI 1991</subfield>
    <subfield code="p">025145</subfield>
    <subfield code="r">2025-05-01 00:00:00</subfield>
    <subfield code="t">c.1</subfield>
    <subfield code="w">2019-02-18</subfield>
    <subfield code="y">TH</subfield>
  </datafield>
</record>
